| 000 | 003820000a22001810004500 | ||
|---|---|---|---|
| 005 | 20120302062407.0 | ||
| 942 | _cBOOK | ||
| 100 | _a Macchankaracharya | ||
| 100 | _a Vishweshwar | ||
| 245 | _a Vaakyavrutti | ||
| 260 | _aPune:Aanandashram,1978. | ||
| 300 | _a47p. | ||
| 040 | _aSAN | ||
| 365 | _b4/- | ||
| 650 | _aSanskrut | ||
| 650 | _aSankeerna | ||
| 650 | _aVaakyavrutti | ||
| 999 |
_c356587 _d356584 |
||